| 000 | 00702 a2200217 4500 | ||
|---|---|---|---|
| 010 | _aENG-85314 | ||
| 020 |
_a007062082 _c365.00 |
||
| 035 | _aEN-68847 | ||
| 037 | _bD.B.Act / Pub | ||
| 082 | 1 | 4 | _a332.645 |
| 090 |
_c2036 _d2036 |
||
| 100 | 1 | _aBansal, Manish | |
| 245 | 1 |
_aDerivatives and financial innovations _cby Manish Bansal and Navneet Bansal |
|
| 260 |
_aNew Delhi _bTata Mcgrawhill Publishing _c2007 |
||
| 270 |
_a7, West Patel Nagar _bNew Delhi _e110 008 |
||
| 300 |
_axviii, 514 p. _c23 cm. (Pbk.) |
||
| 500 | _aIncludes glossary | ||
| 700 | 1 | _aBansal, Navneet | |
| 942 |
_adpl _cEN _k332.645 / BAN |
||
| 999 |
_c2002 _d2002 |
||